| 000 | 00545nam a22001817a 4500 | ||
|---|---|---|---|
| 999 |
_c191658 _d191658 |
||
| 005 | 20220831115443.0 | ||
| 010 | _aENG-134289 | ||
| 020 |
_a9789394830042 _c100.00 |
||
| 035 | _aEN-117821 | ||
| 037 | _bDBAD/PUB | ||
| 082 | _a327.540477 | ||
| 100 | _aRoy, Kallol | ||
| 245 |
_aUkraine Crissis: _bImpact on India's Economy/ _cKallol Roy |
||
| 260 |
_aWest Bengal _bKamlesh Nanda _c2022 |
||
| 270 |
_aKharagpur, Midnapore _bWest Bengal _mkabitika10@gmail.com |
||
| 300 |
_a80p. _c21cm(pbk) |
||
| 942 |
_2ddc _cEN _h327.540477 _mROY |
||